<?xml version="1.0" encoding="UTF-8"?>
<record
    xmlns:xsi="http://www.w3.org/2001/XMLSchema-instance"
    xsi:schemaLocation="http://www.loc.gov/MARC21/slim http://www.loc.gov/standards/marcxml/schema/MARC21slim.xsd"
    xmlns="http://www.loc.gov/MARC21/slim">

  <leader>00896cam a2200253 c 4500</leader>
  <controlfield tag="001">a4991087</controlfield>
  <controlfield tag="003">CO-ViMGA</controlfield>
  <controlfield tag="005">20230915224412.0</controlfield>
  <controlfield tag="008">110207s2010    sp a   | |||| 000 1 spa  </controlfield>
  <datafield tag="020" ind1=" " ind2=" ">
    <subfield code="a">9788498855159</subfield>
  </datafield>
  <datafield tag="040" ind1=" " ind2=" ">
    <subfield code="a">CO-ViMGA</subfield>
    <subfield code="b">spa</subfield>
    <subfield code="c">CO-ViMGA</subfield>
  </datafield>
  <datafield tag="041" ind1="1" ind2=" ">
    <subfield code="h">eng</subfield>
  </datafield>
  <datafield tag="082" ind1=" " ind2=" ">
    <subfield code="a">741.5</subfield>
    <subfield code="b">K47h</subfield>
  </datafield>
  <datafield tag="100" ind1="1" ind2=" ">
    <subfield code="a">Kirkman, Robert</subfield>
    <subfield code="d">1978-</subfield>
    <subfield code="9">9073</subfield>
  </datafield>
  <datafield tag="245" ind1="1" ind2="0">
    <subfield code="a">Hambre insaciable /</subfield>
    <subfield code="h">[Texto impreso]</subfield>
    <subfield code="c">[gui&#xF3;n] Kirkman ; [dibujo] Phillips ; [Santiago Garc&#xED;a, Eduardo Braun, &#xF3;scar Estefan&#xED;a, traducci&#xF3;n]</subfield>
  </datafield>
  <datafield tag="260" ind1=" " ind2=" ">
    <subfield code="a">Torroella de Montgr&#xED;, Girona</subfield>
    <subfield code="b">Panini Espa&#xF1;a ;</subfield>
    <subfield code="a">Barcelona</subfield>
    <subfield code="b">distribuci&#xF3;n, Sd Distribuciones</subfield>
    <subfield code="c">D.L. 2010</subfield>
  </datafield>
  <datafield tag="300" ind1=" " ind2=" ">
    <subfield code="a">[256] p.</subfield>
    <subfield code="b">principalmente il. col.</subfield>
    <subfield code="c">27 cm.</subfield>
  </datafield>
  <datafield tag="490" ind1="0" ind2=" ">
    <subfield code="a">Marvel deluxe</subfield>
  </datafield>
  <datafield tag="490" ind1="0" ind2=" ">
    <subfield code="a">Marvel zombies</subfield>
  </datafield>
  <datafield tag="650" ind1="1" ind2="4">
    <subfield code="a">Comics     </subfield>
    <subfield code="9">284</subfield>
  </datafield>
  <datafield tag="650" ind1="1" ind2="4">
    <subfield code="a">Tiras comicas, historietas, etc.</subfield>
    <subfield code="9">2479</subfield>
  </datafield>
  <datafield tag="700" ind1="1" ind2=" ">
    <subfield code="a">Phillips, Sean</subfield>
    <subfield code="d">1965-</subfield>
    <subfield code="9">9074</subfield>
  </datafield>
  <datafield tag="942" ind1=" " ind2=" ">
    <subfield code="2">ddc</subfield>
    <subfield code="c">BK</subfield>
  </datafield>
  <datafield tag="999" ind1=" " ind2=" ">
    <subfield code="c">11759</subfield>
    <subfield code="d">11759</subfield>
  </datafield>
  <datafield tag="952" ind1=" " ind2=" ">
    <subfield code="0">0</subfield>
    <subfield code="1">0</subfield>
    <subfield code="2">ddc</subfield>
    <subfield code="4">0</subfield>
    <subfield code="5">1</subfield>
    <subfield code="7">0</subfield>
    <subfield code="8">001</subfield>
    <subfield code="a">MEVIGACOM</subfield>
    <subfield code="b">MEVIGACOM</subfield>
    <subfield code="d">2017-04-28</subfield>
    <subfield code="l">0</subfield>
    <subfield code="o">741.5 K47h</subfield>
    <subfield code="p">031942</subfield>
    <subfield code="r">2017-04-28 00:00:00</subfield>
    <subfield code="w">2017-04-28</subfield>
    <subfield code="y">BK</subfield>
  </datafield>
</record>
